Normal view
MARC view
- بن بيه،عبد الله بن الشيخ المحفوظ
Entry Personal Name
001 - CONTROL NUMBER
- control field: 17268
003 - CONTROL NUMBER IDENTIFIER
- control field: JO-AjAnu
005 - DATE AND TIME OF LATEST TRANSACTION
- control field: 20230606073043.0
008 - FIXED-LENGTH DATA ELEMENTS
- fixed length control field: 230606|| aca||aabn | a|a d
040 ## - CATALOGING SOURCE
- Original cataloging agency: JO-AjAnu
- Transcribing agency: JO-AjAnu
100 ## - HEADING--PERSONAL NAME
- Personal name: بن بيه،عبد الله بن الشيخ المحفوظ
670 ## - SOURCE DATA FOUND
- Source citation: Work cat.: (JO-AjAnu)8866: بن بيه،عبد الله بن الشيخ المحفوظ, author, إعمال المصلحة في الوقف: سبيل الاستثمار الناجح للأوقاف ومضاعفة أجور الواقفين